000 00703cam a2200241 4500
001 16597
003 BD-RjUL
005 20211209000029.0
008 140215t1973 ii 000 0 eng
035 _a(BD-RjUL)16652
040 _aDLC
_cDLC
_dDLC
_dBD-RjUL
_beng
041 _aeng
082 0 0 _a658.40071054
_bCHM 1973
100 1 _aChandrakant, L. S.,
_d1915-
_951272
245 1 0 _aManagement education and training in India /
_cby L. S. Chandrakant.
260 _aBombay :
_bD. B. Taraporevala Sons,
_cc1973.
300 _a91 p. ;
_c23 cm.
350 _aRs17.00
650 0 _aManagement
_xStudy and teaching
_zIndia.
_947937
942 _2ddc
_cBK
999 _c16597
_d16597